[Event "Dortmund Sparkassen op 47th"]
[Site "Dortmund"]
[Date "2019.07.19"]
[Round "7"]
[White "Farokhi, Keyvan"]
[Black "Schriewer, Thomas"]
[Result "1/2-1/2"]
[WhiteElo "1946"]
[BlackElo "2004"]
[PlyCount "52"]
[EventDate "2019.07.13"]
[EventType "swiss"]
[EventRounds "9"]
[EventCountry "GER"]
[SourceTitle "EXT 2020"]
[Source "ChessBase"]
[SourceDate "2019.10.17"]
[SourceVersion "1"]
[SourceVersionDate "2019.10.17"]
[SourceQuality "1"]

1. e4 c5 2. Nf3 e6 3. c3 Nf6 4. e5 Nd5 5. d4 cxd4 6. cxd4 d6 7. Bc4 Be7 8. Bxd5 exd5 9. Nc3 dxe5 10. dxe5 Be6 11. Nd4 Qd7 12. f4 g6 13. Be3 Nc6 14. Qd3 Rc8 15. 0-0 Nxd4 16. Bxd4 b6 17. Rad1 Rc4 18. Kh1 Bb4 19. b3 Rc6 20. Ne2 0-0 21. Bc3 Bf5 22. Qd2 Bxc3 23. Nxc3 d4 24. Ne2 d3 25. Ng3 Rc2 26. Qe3 Rxa2 1/2-1/2

[Event "Ruhrgebiet Verbandsliga Gruppe 1 1819"]
[Site "Nordrheinwestfalen"]
[Date "2019.05.05"]
[Round "9.4"]
[White "Cavasin, Joerg"]
[Black "Schriewer, Thomas"]
[Result "1-0"]
[WhiteElo "1913"]
[BlackElo "1905"]
[PlyCount "83"]
[EventDate "2018.09.23"]
[EventType "team-tourn"]
[EventRounds "9"]
[EventCountry "GER"]
[SourceTitle "EXT 2022"]
[Source "ChessBase"]
[SourceDate "2021.10.06"]
[SourceVersion "1"]
[SourceVersionDate "2021.10.06"]
[SourceQuality "1"]
[WhiteTeam "Altenessen"]
[BlackTeam "Sodingen/Castrop SK II"]
[WhiteTeamCountry "GER"]
[BlackTeamCountry "GER"]

1. Nf3 c5 2. c4 Nc6 3. g3 g6 4. Bg2 Bg7 5. 0-0 e6 6. Nc3 Nge7 7. d3 0-0 8. e4 d6 9. Bd2 b6 10. Rb1 Bb7 11. a3 Qd7 12. Qc1 Rfe8 13. h4 Ne5 14. Ne1 h5 15. Bh6 Bh8 16. Bh3 Kh7 17. Bf4 Qd8 18. Bxe5 Bxe5 19. Nf3 Bg7 20. Ng5+ Kg8 21. f4 Bc8 22. Kh2 d5 23. Qc2 dxc4 24. dxc4 Qd4 25. Nb5 Qd7 26. Rbd1 Qc6 27. Nd6 Rf8 28. Qe2 Bd4 29. e5 Qa4 30. Bg2 Rb8 31. Rd3 Ba6 32. b3 Qxa3 33. Nge4 Qb2 34. Nf6+ Kg7 35. Qxb2 Bxb2 36. Nd7 Rbd8 37. Nxf8 Kxf8 38. Rf2 Bd4 39. Ra2 Bc8 40. Rxa7 Bd7 41. Rc7 Nf5 42. Nb7 1-0

[Event "Dortmund Sparkassen op-A"]
[Site "Dortmund"]
[Date "2015.07.03"]
[Round "7"]
[White "Schriewer, Thomas"]
[Black "Winkel, Peter"]
[Result "1/2-1/2"]
[WhiteElo "2043"]
[BlackElo "1826"]
[PlyCount "59"]
[EventDate "2015.06.27"]
[EventType "swiss"]
[EventRounds "9"]
[EventCountry "GER"]
[SourceTitle "CBM 167 Extra"]
[Source "ChessBase"]
[SourceDate "2015.09.14"]
[SourceVersion "1"]
[SourceVersionDate "2015.09.14"]
[SourceQuality "1"]

1. d4 Nf6 2. c4 g6 3. Nc3 Bg7 4. e4 d6 5. Be2 0-0 6. Nf3 e5 7. 0-0 Nc6 8. d5 Ne7 9. b4 a5 10. Ba3 axb4 11. Bxb4 b6 12. a4 Re8 13. Nd2 c5 14. dxc6 Nxc6 15. Ba3 Nd4 16. Nb5 Nxb5 17. axb5 Bh6 18. Nb3 Bb7 19. f3 Be3+ 20. Kh1 Bc5 21. Bc1 Qc7 22. Qe1 Rxa1 23. Nxa1 Ra8 24. Bg5 Ne8 25. Nb3 Ra2 26. Nc1 Ra1 27. Qh4 Bc8 28. f4 exf4 29. Bxf4 Bd4 30. Nb3 1/2-1/2

[Event "Dortmund Sparkassen op-A"]
[Site "Dortmund"]
[Date "2015.07.01"]
[Round "5"]
[White "Schriewer, Thomas"]
[Black "Groetzbach, Daniel"]
[Result "1-0"]
[WhiteElo "2043"]
[BlackElo "1966"]
[PlyCount "87"]
[EventDate "2015.06.27"]
[EventType "swiss"]
[EventRounds "9"]
[EventCountry "GER"]
[SourceTitle "CBM 167 Extra"]
[Source "ChessBase"]
[SourceDate "2015.09.14"]
[SourceVersion "1"]
[SourceVersionDate "2015.09.14"]
[SourceQuality "1"]

1. d4 d5 2. c4 c6 3. Nf3 Nf6 4. Nc3 e6 5. Bg5 Nbd7 6. cxd5 exd5 7. e3 Be7 8. Qc2 h6 9. Bf4 0-0 10. Bd3 Re8 11. h3 Nf8 12. g4 Ne6 13. Be5 c5 14. 0-0-0 Nd7 15. Bb5 cxd4 16. exd4 a6 17. Bd3 Ndf8 18. h4 b5 19. Kb1 Bb7 20. g5 h5 21. Ne2 g6 22. Qd2 Qd7 23. Nh2 Ng7 24. Bxg7 Kxg7 25. f4 a5 26. Ng3 Bb4 27. Qf2 Ra6 28. f5 a4 29. Qf3 a3 30. b3 Qc7 31. Rc1 Qd7 32. Nxh5+ gxh5 33. Qxh5 Ng6 34. Qh6+ Kg8 35. fxg6 fxg6 36. Ng4 Qxg4 37. Bxg6 Re7 38. Rhf1 Rd7 39. Bf5 Qxd4 40. Be6+ Rxe6 41. Qxe6+ Kh8 42. Qe8+ Kh7 43. Qxd7+ Kg6 44. Qf7# 1-0

[Event "Ruhrgebiet Regionalliga 1314"]
[Site "Ruhrgebiet"]
[Date "2013.12.01"]
[Round "4.2"]
[White "Hillenbrand, Michael"]
[Black "Schriewer, Thomas"]
[Result "0-1"]
[WhiteElo "2141"]
[BlackElo "2016"]
[PlyCount "96"]
[EventDate "2013.09.22"]
[EventType "team-tourn"]
[EventRounds "9"]
[EventCountry "GER"]
[SourceTitle "EXT 2024"]
[Source "ChessBase"]
[SourceDate "2023.10.10"]
[SourceVersion "1"]
[SourceVersionDate "2023.10.10"]
[SourceQuality "1"]
[WhiteTeam "Borbeck Weisse Dame"]
[BlackTeam "Herne Sodingen II"]
[WhiteTeamCountry "GER"]
[BlackTeamCountry "GER"]

1. Nf3 d5 2. g3 Nf6 3. b3 Bg4 4. Bg2 Nbd7 5. Bb2 e6 6. 0-0 Bd6 7. c4 0-0 8. Nc3 c6 9. d4 Re8 10. a3 Qe7 11. Qd2 dxc4 12. bxc4 e5 13. e3 Rad8 14. Qc2 Bb8 15. a4 Bxf3 16. Bxf3 exd4 17. exd4 Nb6 18. Ne2 Qe6 19. Rac1 Ne4 20. Rfe1 Ng5 21. Bg2 Qg4 22. a5 Nd7 23. a6 b6 24. Bxc6 Re6 25. Bg2 Nf3+ 26. Bxf3 Qxf3 27. Qc3 Qh5 28. d5 Rg6 29. Nd4 Ne5 30. Re4 f5 31. Re2 Ng4 32. Nf3 Nxh2 33. Nxh2 Qxe2 34. Re1 Qh5 35. Re7 Qg5 36. Qe1 Rf8 37. Nf3 Qg4 38. Ne5 Bxe5 39. Qxe5 f4 40. Re8 Qd1+ 41. Qe1 Qxe1+ 42. Rxe1 fxg3 43. fxg3 Rxg3+ 44. Kh2 Rg6 45. Ba3 Rf2+ 46. Kh1 h6 47. Re8+ Kh7 48. d6 Rf4 0-1

[Event "Ruhrgebiet Regionalliga 1213"]
[Site "Nordrheinwestfalen"]
[Date "2013.04.14"]
[Round "8.4"]
[White "Schriewer, Thomas"]
[Black "Kilian, Ralf"]
[Result "0-1"]
[WhiteElo "1988"]
[BlackElo "2180"]
[PlyCount "92"]
[EventDate "2012.09.09"]
[EventType "team-tourn"]
[EventRounds "9"]
[EventCountry "GER"]
[SourceTitle "EXT 2020"]
[Source "ChessBase"]
[SourceDate "2019.10.17"]
[SourceVersion "1"]
[SourceVersionDate "2019.10.17"]
[SourceQuality "1"]
[WhiteTeam "Herne Sodingen II"]
[BlackTeam "Kamen SV"]
[WhiteTeamCountry "GER"]
[BlackTeamCountry "GER"]

1. d4 d5 2. c4 e6 3. Nc3 c5 4. cxd5 cxd4 5. Qa4+ Bd7 6. Qxd4 exd5 7. Qxd5 Nc6 8. Nf3 Nf6 9. Qd1 Bc5 10. e3 Qe7 11. Be2 0-0-0 12. 0-0 g5 13. a3 Bf5 14. Qa4 g4 15. Nh4 Bd7 16. Qc2 Kb8 17. b4 Bd6 18. b5 Ne5 19. Nf5 Bxf5 20. Qxf5 Rc8 21. Na4 Rhg8 22. g3 Nf3+ 23. Bxf3 gxf3 24. Bb2 Ne4 25. Rfd1 Rg5 26. Qxf3 Rc2 27. Rxd6 Rxf2 28. Qd1 Nxd6 29. Kxf2 Rf5+ 30. Ke2 Ne4 31. Qd4 Qe8 32. Qd3 Rf2+ 33. Ke1 Rd2 34. Qxd2 Nxd2 35. Kxd2 Qxb5 36. Rc1 b6 37. Bd4 Qxa4 38. Be5+ Kb7 39. Rc7+ Ka6 40. Rc3 Qe4 41. Bf4 Qg2+ 42. Kd3 Qxh2 43. Be5 Qg2 44. Kd4 f5 45. Kc4 Qc6+ 46. Kd4 Qe4# 0-1

[Event "NRW Class2 1213"]
[Site "Germany"]
[Date "2013.04.07"]
[Round "8.7"]
[White "Schriewer, Thomas"]
[Black "Kramps, Rene"]
[Result "0-1"]
[WhiteElo "1988"]
[BlackElo "2010"]
[PlyCount "58"]
[EventDate "2012.09.16"]
[EventType "team-tourn"]
[EventRounds "9"]
[EventCountry "GER"]
[SourceTitle "EXT 2017"]
[Source "ChessBase"]
[SourceDate "2016.10.25"]
[SourceVersion "1"]
[SourceVersionDate "2016.10.25"]
[SourceQuality "1"]
[WhiteTeam "Herne Sodingen"]
[BlackTeam "Iserlohn Koenigsspringer"]
[WhiteTeamCountry "GER"]
[BlackTeamCountry "GER"]

1. d4 c5 2. d5 f5 3. c4 Nf6 4. g3 g6 5. Bg2 Bg7 6. Nc3 0-0 7. Nf3 d6 8. 0-0 Na6 9. Rb1 Bd7 10. Ne1 Rb8 11. Nd3 b5 12. cxb5 Bxb5 13. Nf4 Bd7 14. b3 Ne8 15. Bd2 Nec7 16. Rc1 Nb5 17. Nxb5 Rxb5 18. h4 Qe8 19. Bf3 Rb7 20. Bc3 Bxc3 21. Rxc3 Nc7 22. a4 Qf7 23. Ne6 Rfb8 24. h5 Ne8 25. hxg6 hxg6 26. Qc2 Rb4 27. Kg2 Bxe6 28. dxe6 Qxe6 29. Rd3 Nf6 0-1

[Event "Ruhrgebiet Regionalliga 1213"]
[Site "Nordrheinwestfalen"]
[Date "2012.12.09"]
[Round "4.3"]
[White "Bartel, Mario"]
[Black "Schriewer, Thomas"]
[Result "1-0"]
[WhiteElo "2034"]
[BlackElo "1988"]
[PlyCount "107"]
[EventDate "2012.09.09"]
[EventType "team-tourn"]
[EventRounds "9"]
[EventCountry "GER"]
[SourceTitle "EXT 2020"]
[Source "ChessBase"]
[SourceDate "2019.10.17"]
[SourceVersion "1"]
[SourceVersionDate "2019.10.17"]
[SourceQuality "1"]
[WhiteTeam "Wattenscheid SV III"]
[BlackTeam "Herne Sodingen II"]
[WhiteTeamCountry "GER"]
[BlackTeamCountry "GER"]

1. e4 c5 2. Nf3 Nc6 3. d4 cxd4 4. Nxd4 Nf6 5. Nc3 e5 6. Ndb5 d6 7. Bg5 a6 8. Na3 b5 9. Bxf6 gxf6 10. Nd5 f5 11. Bd3 Be6 12. c3 Bg7 13. Nc2 0-0 14. Nce3 fxe4 15. Bxe4 f5 16. Nf6+ Rxf6 17. Bxc6 Rb8 18. Bd5 Bxd5 19. Qxd5+ Kh8 20. 0-0-0 Qc8 21. Kb1 b4 22. cxb4 Rxb4 23. Rc1 Qb8 24. Rc2 Rb5 25. Qc6 d5 26. Qd7 Rf8 27. Rhc1 e4 28. Nd1 Be5 29. a4 Rb7 30. Qxd5 Rd8 31. Qxd8+ Qxd8 32. Rc8 Qxc8 33. Rxc8+ Kg7 34. Rc5 Re7 35. Ne3 Kg6 36. h4 Re6 37. Kc2 h5 38. b4 Bd4 39. Rc4 Bf6 40. g3 Be5 41. b5 f4 42. gxf4 Bxf4 43. Rc6 Kf7 44. Nd5 Be5 45. Rxe6 Kxe6 46. bxa6 Bb8 47. Nc7+ Kf5 48. Nb5 Kg4 49. Kd2 Kxh4 50. Ke2 Kg4 51. a7 Bxa7 52. Nxa7 h4 53. Nb5 h3 54. Kf1 1-0

[Event "Ruhrgebiet Verbandsliga2 1011"]
[Site "Nordrheinwestfalen"]
[Date "2010.12.05"]
[Round "4"]
[White "Delvos, Thorsten"]
[Black "Schriewer, Thomas"]
[Result "0-1"]
[WhiteElo "1941"]
[BlackElo "1948"]
[PlyCount "36"]
[EventDate "2010.09.12"]
[EventType "team-tourn"]
[EventRounds "9"]
[EventCountry "GER"]
[SourceTitle "EXT 2020"]
[Source "ChessBase"]
[SourceDate "2019.10.17"]
[SourceVersion "1"]
[SourceVersionDate "2019.10.17"]
[SourceQuality "1"]
[WhiteTeam "Mengede SG"]
[BlackTeam "Herne Sodingen II"]
[WhiteTeamCountry "GER"]
[BlackTeamCountry "GER"]

1. d4 d5 2. c4 c6 3. cxd5 cxd5 4. Nc3 Nf6 5. Nf3 Nc6 6. Bf4 a6 7. Rc1 Bf5 8. e3 Rc8 9. Be2 e6 10. 0-0 Bd6 11. Ne5 Bxe5 12. Bxe5 Nxe5 13. dxe5 Nd7 14. f4 0-0 15. Kh1 Nc5 16. Qd4 Qh4 17. Nxd5 Ne4 18. Nc3 Rxc3 0-1

[Event "Ruhrgebiet Verbandsliga2 1011"]
[Site "Nordrheinwestfalen"]
[Date "2010.11.14"]
[Round "3"]
[White "Wallhof, Dieter"]
[Black "Schriewer, Thomas"]
[Result "0-1"]
[WhiteElo "1909"]
[BlackElo "1948"]
[PlyCount "118"]
[EventDate "2010.09.12"]
[EventType "team-tourn"]
[EventRounds "9"]
[EventCountry "GER"]
[SourceTitle "EXT 2020"]
[Source "ChessBase"]
[SourceDate "2019.10.17"]
[SourceVersion "1"]
[SourceVersionDate "2019.10.17"]
[SourceQuality "1"]
[WhiteTeam "Welper SV"]
[BlackTeam "Herne Sodingen II"]
[WhiteTeamCountry "GER"]
[BlackTeamCountry "GER"]

1. d4 d5 2. Nf3 Nf6 3. e3 Bf5 4. Bd3 Bxd3 5. Qxd3 c6 6. 0-0 Nbd7 7. b3 e6 8. Bb2 Bd6 9. Nbd2 Qb8 10. c4 0-0 11. Rfc1 Re8 12. Qc2 h6 13. h3 a5 14. a4 Rc8 15. Bc3 c5 16. dxc5 Bxc5 17. Qb2 Bb4 18. Bxb4 axb4 19. cxd5 Nxd5 20. Nc4 Nc3 21. Rc2 Rd8 22. Rd2 Nf6 23. Rxd8+ Qxd8 24. Nd4 Qd5 25. Nb6 Qd8 26. Nxa8 Qxa8 27. Nb5 Nfd5 28. Nd4 Qa6 29. Re1 f5 30. Qd2 g6 31. g3 e5 32. Nf3 Qe6 33. Kg2 Kg7 34. Ng1 Nf6 35. Qc2 Qc6+ 36. Kh2 Nfe4 37. f3 Ng5 38. Kg2 h5 39. h4 Ne6 40. Nh3 Qd5 41. Kf2 Nc5 42. Kg2 Nxb3 43. Nf2 Nd2 44. e4 fxe4 45. fxe4 Qd4 46. Rd1 Nxd1 47. Qxd1 b3 48. Qc1 b2 49. Qc7+ Kf6 50. Qxb7 b1Q 51. Qc6+ Kf7 52. Qc7+ Ke6 53. Qc6+ Qd6 54. Qe8+ Qe7 55. Qc6+ Qd6 56. Qe8+ Kf6 57. Qh8+ Ke7 58. Qg7+ Kd8 59. Qg8+ Kc7 0-1

[Event "Ruhrgebiet VK3 0910"]
[Site "Ruhrgebiet"]
[Date "2010.04.18"]
[Round "9.3"]
[White "Gill, Stephan"]
[Black "Schriewer, Thomas"]
[Result "0-1"]
[WhiteElo "1838"]
[BlackElo "2018"]
[PlyCount "141"]
[EventDate "2009.09.06"]
[EventType "team"]
[EventRounds "9"]
[EventCountry "GER"]
[SourceTitle "EXT 2011"]
[Source "ChessBase"]
[SourceDate "2010.11.26"]
[SourceVersion "1"]
[SourceVersionDate "2010.11.26"]
[SourceQuality "1"]
[WhiteTeam "Gelsenkirchen"]
[BlackTeam "Herne Sodingen II"]
[WhiteTeamCountry "GER"]
[BlackTeamCountry "GER"]

1. d4 Nf6 2. c4 e5 3. dxe5 Ng4 4. Bf4 Bb4+ 5. Nc3 Nc6 6. Nf3 Qe7 7. Qd5 Bxc3+ 8. bxc3 f6 9. exf6 Nxf6 10. Qd3 d6 11. e3 0-0 12. Be2 Ne4 13. Nd4 Nc5 14. Qc2 Na5 15. 0-0 Bd7 16. Bg3 Kh8 17. Bd3 Nxd3 18. Qxd3 b6 19. e4 Qf7 20. e5 dxe5 21. Bxe5 c5 22. Nb5 Be6 23. Nd6 Qh5 24. Qg3 Rg8 25. Rfe1 Nxc4 26. Nxc4 Bxc4 27. Re4 Rad8 28. h3 Bf7 29. Rae1 Rd1 30. Rxd1 Qxd1+ 31. Kh2 Bg6 32. Rh4 Qd3 33. f3 Qf5 34. Rg4 Re8 35. f4 Rd8 36. h4 Rd3 37. Rxg6 hxg6 38. Qf2 c4 39. Qe1 Kh7 40. Qe2 Qh5 41. Qf2 Qf5 42. Qe2 Qh5 43. Qf2 Rd1 44. Kg3 Rh1 45. Qd4 Qxh4+ 46. Kf3 Rf1+ 47. Ke4 Re1+ 48. Kd5 b5 49. Qxa7 Qd8+ 50. Kc5 Qc8+ 51. Kb6 Qe6+ 52. Ka5 Qg8 53. Kxb5 Rb1+ 54. Kc5 Qc8+ 55. Qc7 Qf8+ 56. Kxc4 Qg8+ 57. Kc5 Rd1 58. Qxg7+ Qxg7 59. Bxg7 Kxg7 60. Kb5 Ra1 61. a4 Kf6 62. a5 Ke6 63. Kb6 Kd6 64. c4 Rb1+ 65. Ka7 Kc5 66. g4 Ra1 67. a6 Kc6 68. f5 g5 69. f6 Rf1 70. Kb8 Rxf6 71. c5 0-1